Central Library OPAC University of Rajshahi

মার্কিন যুক্তরাষ্ট্রের পূর্ব এশীয় নীতি : (Record no. 79962)

MARC details
000 -LEADER
fixed length control field 01596nam a2200253 a 4500
001 - CONTROL NUMBER
RUCL Control Number 79962
003 - CONTROL NUMBER IDENTIFIER
rucl marc code BD-RjUL
005 - DATE AND TIME OF LATEST TRANSACTION
control field 20230117101613.0
008 - FIXED-LENGTH DATA ELEMENTS--GENERAL INFORMATION
fixed length control field 220613s2000 bg ||||| m||| 00| 0 ben d
035 ## - SYSTEM CONTROL NUMBER
system control number (BD-RjUL)79962
040 ## - CATALOGING SOURCE
Original cataloging agency BD-RjUL
Language of cataloging ben/eng
Transcribing agency BD-RjUL
Modifying agency BD-RjUL
041 ## - LANGUAGE CODE
Language code of Book ben
082 ## - DEWEY DECIMAL CLASSIFICATION NUMBER
DDC Edition number 23
Classification number 973.917
Author mark and Year KHM 2000
100 ## - MAIN ENTRY--PERSONAL NAME
Personal name খাতুন, মোসা: ফেরদৌসি
9 (RLIN) 3574
245 10 - TITLE STATEMENT
Title মার্কিন যুক্তরাষ্ট্রের পূর্ব এশীয় নীতি :
Remainder of title পরিপ্রেক্ষিত জাপানের প্রভাব বিস্তার (১৯৩১-৪১) /
Statement of responsibility, etc মোসা: ফেরদৌসি খাতুন
Name of Supervisor/Co-Supervisor সুপারভাইজার : এ.এফ.এম.শামসুর রহমান
260 ## - PUBLICATION, DISTRIBUTION, ETC. (IMPRINT)
Place of publication, distribution, etc রাজশাহী :
Name of publisher, distributor, etc ইতিহাস বিভাগ,রাজশাহী বিশ্ববিদ্যালয়
Date of publication, distribution, etc ২০০০
300 ## - PHYSICAL DESCRIPTION
Pagination [৫],২৮৬ পাতা ;
Dimensions ২৯ সেমি.
502 ## - DISSERTATION NOTE
Dissertation note থিসিস (পি-এইচ.ডি.) -- ইতিহাস বিভাগ,রাজশাহী বিশ্ববিদ্যালয়,২০০০
504 ## - BIBLIOGRAPHY, ETC. NOTE
Bibliography, etc গ্রন্থপঞ্জি: পাতা ২৭১-২৮৬
650 ## - SUBJECT ADDED ENTRY--TOPICAL TERM
Topical term or geographic name as entry element মার্কিন যুক্তরাষ্ট্র
General subdivision প্রশাসন
Chronological subdivision (১৯৩১-৪১)
9 (RLIN) 3575
Topical term or geographic name as entry element United States
General subdivision Administration
Chronological subdivision (1931-41)
9 (RLIN) 3576
700 ## - ADDED ENTRY--SUPERVISOR/CO-SUPERVISOR NAME
Personal name রহমান, এ.এফ.এম.শামসুর, সুপারভাইজার
9 (RLIN) 3577
942 ## - ADDED ENTRY ELEMENTS (KOHA)
Source of classification or shelving scheme Dewey Decimal Classification
Koha item type Theses
Holdings
Source of classification or shelving scheme Damaged status Not for loan Collection code Permanent Location Current Location Shelving location Date of accession Source of acquisition Total Checkouts Full call number Barcode Date last seen Copy number Thesis
Dewey Decimal Classification   Not For Loan Theses Central Library, University of Rajshahi Central Library, University of Rajshahi Documentation Section 27/03/2002 Controller of Exam. R.U.   BTHE 973.917 KHM 2000 D2017 13/06/2022 C-1 Theses